| 000 | 005820000a22001930004500 | ||
|---|---|---|---|
| 090 |
_aAR _b01096 |
||
| 245 | 1 | 0 | _aMeliceae |
| 650 | 1 | 4 |
_aCITES _92790 |
| 650 | 1 | 4 |
_aConvenios internacionales _93879 |
| 650 | 1 | 4 |
_aEspecies maderables _992882 |
| 650 | 1 | 4 |
_aRecursos forestales _992984 |
| 653 |
_fMeliaceae _gSwietenia _eSwietenia humilis _vCaoba |
||
| 653 |
_fMeliaceae _gSwietenia _eSwietenia mahagoni |
||
| 653 |
_fMeliaceae _gSwietenia _eSwietenia macrophylla |
||
| 041 | 0 | _aEspaƱol | |
| 100 | 1 |
_aHoffman, Forrest M. _992960 |
|
| 942 | _cARTICULO | ||
| 773 | 1 |
_tPreprint _33 _q1-12 _d1990? |
|
| 999 |
_c10182 _d10182 |
||